000 003400000a22001570004500
005 20120302064143.0
942 _cBOOK
100 _a Ramdas swami
245 _a Atmaram
250 _a 5th
260 _aSatara:Shrisamartha seva mandal
300 _a58p.
040 _aMar
365 _b2.50/-
650 _aAtmaram (Artha-Vivaranasaha)
999 _c361419
_d361416